Normal view
MARC view
- Avner, Sidney H
Entry Personal Name
001 - CONTROL NUMBER
- control field: 86458
003 - CONTROL NUMBER IDENTIFIER
- control field: NUST
005 - DATE AND TIME OF LATEST TRANSACTION
- control field: 20211213103954.0
008 - FIXED-LENGTH DATA ELEMENTS
- fixed length control field: 211213|| aca||aabn | a|a d
040 ## - CATALOGING SOURCE
- Original cataloging agency: NUST
- Transcribing agency: NUST
100 ## - HEADING--PERSONAL NAME
- Personal name: Avner, Sidney H
670 ## - SOURCE DATA FOUND
- Source citation: Work cat.: (NUST)32625: Avner, Sidney H., Introduction to physical metallurgy., [2010]
